Michigan Counties by Population - Statistics

General Stats
  • This quiz has been taken 431 times
  • The average score is 19 of 83
Answer Stats
Population County % Correct
1,793,561 Wayne
100%
1,274,395 Oakland
87%
881,217 Macomb
84%
657,974 Kent
76%
372,258 Washtenaw
57%
406,211 Genesee
51%
284,900 Ingham
45%
261,670 Kalamazoo
41%
190,124 Saginaw
40%
193,866 Livingston
39%
175,824 Muskegon
35%
154,809 Monroe
34%
296,200 Ottawa
34%
160,366 Jackson
33%
103,856 Bay
28%
160,383 St. Clair
26%
154,316 Berrien
25%
134,310 Calhoun
25%
83,494 Midland
25%
109,175 Eaton
23%
2,046 Keweenaw
23%
120,502 Allegan
22%
79,128 Clinton
22%
95,238 Grand Traverse
22%
88,619 Lapeer
22%
99,423 Lenawee
22%
66,017 Marquette
22%
66,804 Ionia
21%
45,746 Hillsdale
20%
5,339 Luce
20%
44,862 Branch
19%
64,394 Isabella
19%
68,094 Shiawassee
19%
28,907 Alpena
18%
51,589 Cass
18%
14,380 Gogebic
18%
75,587 Van Buren
18%
34,112 Emmet
17%
37,361 Houghton
17%
8,158 Baraga
16%
62,423 Barry
16%
36,903 Delta
16%
25,947 Dickinson
16%
22,301 Leelanau
16%
5,816 Ontonagon
16%
40,611 Sanilac
16%
60,939 St. Joseph
16%
8,842 Alger
15%
25,579 Cheboygan
15%
36,785 Chippewa
15%
31,407 Huron
15%
66,614 Montcalm
15%
8,047 Schoolcraft
15%
53,323 Tuscola
15%
26,054 Charlevoix
14%
41,761 Gratiot
14%
25,237 Iosco
14%
29,052 Mason
14%
39,714 Mecosta
14%
23,502 Menominee
14%
23,431 Antrim
13%
17,970 Benzie
13%
30,856 Clare
13%
11,631 Iron
13%
49,978 Newaygo
13%
10,167 Alcona
12%
15,002 Arenac
12%
26,659 Oceana
12%
12,982 Presque Isle
12%
33,673 Wexford
12%
25,386 Gladwin
11%
17,939 Kalkaska
11%
10,834 Mackinac
11%
25,032 Manistee
11%
20,770 Ogemaw
11%
22,891 Osceola
11%
25,091 Otsego
11%
12,988 Crawford
10%
12,096 Lake
10%
9,153 Montmorency
10%
8,219 Oscoda
10%
15,052 Missaukee
9%
23,459 Roscommon
9%
No matching quizzes found
Score Distribution
Percent of People with Each Score
Percentile by Number Answered
Your Score History
You have not taken this quiz